Anagrammes réelles de pays ou capitales #2 - Statistiques

Statistiques générales
  • Ce quiz a été pris 98 fois
  • Le résultat moyen est 14 sur 30
Statistiques - réponses
Anagrammes Réponse % Correct
Solo Oslo
99%
Agir Riga
83%
Prisa Paris
79%
Lamé Malé
74%
Tango Tonga
70%
Loues Seoul
67%
Queutera Equateur
64%
Cures Sucre
64%
Airant Tirana
59%
Rondels Londres
56%
Métal Malte
54%
Purgea Prague
49%
Aumonier Roumanie
49%
Landier Irlande
44%
Coterai Croatie
43%
Gainier Nigeria
43%
Étoilent Lettonie
41%
Tenoise Estonie
39%
Dérange Grenade
39%
Bilerai Liberia
37%
Aldines Islande
34%
Chuterai Autriche
31%
Enviaient Vientiane
26%
Actâmes Mascate
23%
Amuser Maseru
21%
Blairais Brasilia
20%
Reportai Pretoria
20%
Lofai Alofi
19%
Sustentai Etats Unis
11%
Penalités Palestine
9%
Aucun quiz correspondant
Distribution des résultats
% des personnes avec chaque résultat
Percentile par nombre de réponses
Votre historique - résultats
Vous n’avez pas pris ce quiz